Library Banner

Working with violence (Record no. 71266)

MARC details
000 -LEADER
fixed length control field 00457nam a2200169Ia 4500
001 - CONTROL NUMBER
control field 66438
008 - FIXED-LENGTH DATA ELEMENTS--GENERAL INFORMATION
fixed length control field 150514s9999 xx 000 0 und d
020 ## - INTERNATIONAL STANDARD BOOK NUMBER
International Standard Book Number 9780230203631
040 ## - CATALOGING SOURCE
Transcribing agency PK-LaUMT
082 ## - DEWEY DECIMAL CLASSIFICATION NUMBER
Classification number 616.8917
Item number YAK-W
100 ## - MAIN ENTRY--PERSONAL NAME
Personal name Yakeley, Jessica
245 ## - TITLE STATEMENT
Title Working with violence
Remainder of title a contemporary psychoanalytic approach
Statement of responsibility, etc Yakeley, Jessica
260 ## - PUBLICATION, DISTRIBUTION, ETC. (IMPRINT)
Place of publication, distribution, etc London,UK:
Name of publisher, distributor, etc Palgrave Macmillan,
Date of publication, distribution, etc 1988
300 ## - PHYSICAL DESCRIPTION
Extent 208 p.
546 ## - LANGUAGE NOTE
Language note EN
942 ## - ADDED ENTRY ELEMENTS (KOHA)
Koha item type Books
Holdings
Withdrawn status Lost status Source of classification or shelving scheme Damaged status Not for loan Home library Current library Date acquired Total Checkouts Full call number Barcode Date last seen Date checked out Price effective from Koha item type
    Dewey Decimal Classification     UMT Main Campus UMT Main Campus 2015-05-14 1 616.8917 YAK-W 89929 2023-03-24 2023-03-09 2015-05-14 Books
    Dewey Decimal Classification     UMT Main Campus UMT Main Campus 2015-05-15   616.8917 YAK-W 89930 2023-06-02   2015-05-15 Books